000 00652nam a2200301Ia 4500
005 20260401122313.0
008 008 250103s9999 xx 000 0 eng d
020 _a9788172237332
037 _aTB
040 _aEDL
040 _beng
040 _cEDL
041 _2eng
041 _aeng
084 _aIn823.3 BAS
084 _qEDL
100 _aBasu, Kunal
_91233186
245 0 _aJapanese Wife
245 0 _cBasu, Kunal
260 _aNew Delhi
260 _bHarper Collins Publishers
260 _c2008
300 _a202p
942 _cTB
942 _hIn823.3 BAS
999 _c1846378
_d1846378